000
00302nam a2200109Ia 4500
008
220630s9999 xx 000 0 und d
020
_a
978-0-14-118689-5
082
_a
EF-Ache
100
_a
Achebe, Chinua
_9
1515
245
2
_a
A man of the people
942
_c
BK
_w
561
_x
John Tresidder
_y
_z
CRON CRON
999
_c
698672
_d
698671